000 00668nam a22002177a 4500
003 UA-OsUOA
001 116146
007 ta
008 20160210b un ||||| |||| 00| 0 ukr d
100 _aІванюк У.В.
090 _a330(477)
_bИ99
942 _cSA
040 _aUA-OsUOA
_bukr
_cUA-OsUOA
_dUA-OsUOA
245 _aВплив аграрного сектору на розвиток внутрішнього ринку України
300 _aС.170-177
955 _a0
041 _aukr
080 _a330(477)
773 0 _w116141
_tРегіональна економіка
_dЛьвів
_d2015
_g4
650 7 _a330 Економіка взагалі
_2UDC
999 _c401967
_d401967